000 01355namaa22003131i 4500
005 20260629121059.0
008 260629s1994 ua a|||frm||| 000 0 eng d
040 _aEG-GICUC
_beng
_cEG-GICUC
_dEG-GICUC
_erda
041 0 _aeng
_beng
_bara
049 _aDeposit
097 _aM.Sc
099 _aCai01.11.08.M.Sc.1994.Fa.M
100 0 _aFatimata Kabore,
_epreparation.
245 1 0 _aMaternal health care :
_bAcomparative study of maternal morbidity and mortality in Egypt and in burkina faso /
_cBy Fatimata Kabore ; Superviser Prof. Dr. Shafika Nasser, Dr. Maha Elrabbat
246 1 5 _aالرعاية الصحية للأم :
_bدراسة مقارنة لوفيات وامراض الأمومة في كل من مصر وبوركينا فاسو
264 0 _c1994.
300 _a116 Leaves
_billustrations
_c30 cm. +
336 _2rda content
_atext
337 _2rdamedia
_aUnmediated
338 _2rdacarrier
_avolume
502 _aThesis (M.Sc.)-Cairo University, 1994
504 _aBibliography: pages 108-115
653 0 _aMaternal health care
_amaternal morbidity and mortality
700 0 _aShafika Nasser
_ethesis advisor.
700 0 _aMaha Elrabbat
_ethesis advisor.
900 _DDepartment of Public Health
_FFaculty of Medicine
_UCairo University
_b1994
_cShafika Nasser
_cMaha Elrabbat
905 _aNehad
942 _2ddc
_cTH
_e21
_n0
999 _c180644